000 00436nam a2200145Ia 4500
008 240729s9999 xx 000 0 und d
022 _a2310-3841
245 0 _aInternational Journal of Endorsing Health Science Research
260 _aPakistan
260 _bAdvance Educational Institute & Research Centre
650 _aMedicine
856 _uhttps://doaj.org/toc/fb990c03572a47ea821dac1fc3425c7d
942 _2ddc
942 _cDOAJEJ
999 _c70819
_d70819
945 _a1
_bMadushi Gamage
_c1
_dMadushi Gamage